=LDR 00000nam 2200000 4500 =001 INLIS000000000003683 =005 20130612092003 =008 ***********************************Ind** =035 ##$$0010-061300000003683 =041 ##$$a Ind =082 ##$$a 530.1 =090 ##$$a 530.1, Sil t =100 ##$$a Silaban, P =245 ##$$a Teori grup dalam fisika, P.Silaban =260 ##$$a 1981 $b Bandung =300 ##$$a x, 478 hlm., 21 cm =650 ##$$a Fisika =850 ##$$a NBPNMAT